000 01093nam a2200241 a 4500
001 000024585
005 20200930023243.0
008 110201s2000 dr abc r 000 0dspa d
040 _aDO-SdBNP
_bspa
_cBNPHU
082 _a304.84607293
_bB479p
100 1 _aBenzo de Ferrer, Vilma,
_d1929-
_950422
245 1 0 _aPasajeros a La Española 1492-1530 /
_cVilma Benzo de Ferrer.
260 _aSanto Domingo :
_bAmigo del hogar,
_c2000.
300 _aviii, 745 p. :
_bil.,mapa, retrs. ;
_c23 cm.
500 _aIncluye datos biográficos de la autora en las solapas
504 _aBibliografía : p. 659-671.
505 0 _gIntroducción --
_tPasajeros. Ubicación en la Isla Española --
_gLas fuentes --
_gMapas, láminas y retratos --
_gGlosario --
_tÍndice de pasajeros p. [701]-745.
590 _aInventariado, 2018/VM
650 4 _aEspañoles en república dominicana
_946289
651 4 _aEspaña
_xEmigración E Inmigración
_zRepública Dominicana
_950423
651 4 _aRepública Dominicana
_xHistoria
_xDescubrimiento Y Conquista, 1492-1511
_950424
910 _aValidado. Control de calidad. EMS
999 _c24078
_d24078